000 00714nam a2200289Ia 4500
005 20260324130601.0
008 008 260324s9999 xx 000 0 eng d
020 _a9781849772976
037 _aEBOOK
040 _aCRL
040 _beng
040 _cCRL
041 _2eng
041 _aeng
084 _qCRL
100 _aK.N Ninan; Charles Perrings
_91182325
245 4 _aThe Economics of Biodiversity Conservation
245 0 _bValuation in Tropical Forest Ecosystems
260 _bTaylor and Francis
260 _c2007
365 _a
365 _b255
856 _uhttp://www.taylorfrancis.com/books/9781849772976
942 _cEBOOK
999 _c1778622
_d1778622